Statistics for NFL ..BURROW... OR MAHOMES?

Click here to take the quiz!

General Stats

  • This quiz has been taken 49 times
    (16 since last reset)
  • The average score is 10 of 15

Answer Stats

QuestionAnswer% Correct
Won the Heisman.Burrow
100%
Drafted in the top 10?Both
93%
Has been to a Super Bowl?Both
86%
Was the first QB drafted in their respective drafts?Burrow
86%
More college wins?Burrow
86%
Threw for 40 TDs in a college season?Both
79%
Most rushing yards in a single NFL season?Mahomes
79%
Transfered in college.Burrow
64%
More Head to Head Wins as of 2022?Burrow
50%
Threw for 60 TDs in a college season?Burrow
50%
Higher CAREER NFL completion % as of 2023?Burrow
50%
Who has produced a WR with more REC yards in a single NFL season?Mahomes
50%
College teammate of Odell Beckham?Neither
50%
Was coached by Urban Meyer in college?Burrow
43%
Sammy Baugh Most Outstanding Passer award winner in college?Mahomes
14%

Score Distribution

Percentile by Number Answered

Percent of People with Each Score

Your Score History

You have not taken this quiz since the last reset